000 01299nam0a2200337 i 4500
001 RU\NLR\BIBL_A\011162908
005 20240921135726.0
010 _a9785893881059
_9500
021 _aRU
_b2016-46325
_92980
035 _a(NILC)RuMoRGB-008511233
035 _a(NLR Aleph) 011162908
090 _a11726145
_c11726145
100 _a20160621d2015 k y0rusy50 ca
101 0 _arus
102 _aRU
105 _ay|||z|||000yy
200 1 _aБуддизм в политической истории Калмыцкого ханства
_fКурапов А. А.
210 _aАстрахань
_cЦентр полиграфии по распространению научно-технической, экономической и экономической документации (ЦНТЭП)
_d2015
215 _a183 с.
_d21
320 _aБиблиогр.: с. 171-183
606 1 _aБуддизм
_yКалмыкия
_92285111
_3RU\NLR\AUTH\661368855
675 _a94(47)
686 2 _aЭ35-39(2Р-6Ка)5
700 1 _aКурапов
_bА.А.
_gАндрей Алексеевич
801 0 _aRU
_bРГБ
_c20160606
_gRCR
801 2 _aRU
_bРГБ
_c20160609
_grcr
942 _cBOOK
980 _aNBR